[Event "Dresden ZMD op 23rd"]
[Site "Dresden"]
[Date "2014.08.22"]
[Round "8"]
[White "Zwahr, Paul"]
[Black "Zakhartsov, Viacheslav V"]
[Result "0-1"]
[WhiteElo "2362"]
[BlackElo "2548"]
[Annotator "Zakhartsov,Vi"]
[PlyCount "88"]
[EventDate "2014.08.15"]
[EventType "swiss"]
[EventRounds "9"]
[EventCountry "GER"]
[SourceTitle "CBM 162"]
[Source "ChessBase"]
[SourceDate "2014.09.17"]
[SourceVersion "1"]
[SourceVersionDate "2014.09.17"]
[SourceQuality "1"]

1. e4 c5 2. Nf3 e6 3. d4 cxd4 4. Nxd4 a6 5. Bd3 Bc5 6. Nb3 Be7 7. Qg4 g6 8. Qe2
d6 9. O-O Nd7 10. Na3 b6 11. Nc4 Bb7 12. a4 Ngf6 {This is stronger than} (12...
Qc7 13. a5 b5 14. Nb6 Nxb6 15. axb6 Qxb6 16. Na5 Nf6 (16... Bc8 17. c4 b4 18.
e5 {with a strong initiative}) 17. Be3 Qc7 18. Bxb5+ axb5 19. Qxb5+ Qd7 20.
Qxb7 Qxb7 21. Nxb7 Kd7 22. f3 {and White is a pawn up, Carlson - Hillarp
Persson, SWE-ch 2008.}) 13. Bh6 Qc7 (13... d5) 14. a5 b5 15. Nb6 Nxb6 16. axb6
Qxb6 17. Na5 Nd7 18. Kh1 Rc8 (18... Nc5 $6 19. Be3 (19. Bg7 $5 Rg8 20. Bd4 Qc7
21. Bxc5 dxc5 22. Bxb5+) 19... Qc7 20. Bxc5 dxc5 21. Bxb5+ {with White has an
advantage, Van Kampen - Ahlander, London 2013.}) 19. Nxb7 (19. Be3 Qc7 20. c4
b4 21. Nxb7 (21. c5 Nxc5 22. Bxc5 dxc5 23. Nxb7 c4 $1 24. Rfc1 Qxb7 25. Bxc4
O-O 26. Bxa6 Rxc1+ 27. Rxc1 Qb6 $11) 21... Qxb7 22. c5 Nxc5 23. Bxa6 Nxa6 24.
Rxa6 f6 (24... Qxe4 $2 25. Qb5+ Kf8 26. Qd7 {and White is winning due to the
double threat with the idea Qxc8 and Bh6.}) 25. Qd3 Kf7 26. Rb6 Qd7 27. Rxb4
Rb8 {with roughly equal chances.}) (19. c4 b4 20. Nxb7 Qxb7 21. c5 Nxc5 22.
Bxa6 Nxa6 23. Rxa6 {(E. Hansen - Berg, Istanbul 2012)} f6 {and Black is
slightly better.}) 19... Qxb7 20. f4 Bf8 21. Bxf8 Kxf8 (21... Rxf8 {with the
idea} 22. f5 Ne5) 22. f5 e5 (22... Kg7 $6 23. fxe6 fxe6 24. Qf2) 23. c4 $1 b4
24. c5 Nxc5 25. fxg6 $6 {Connected with a wrong idea.} (25. Bxa6 {should lead
to equality:} Nxa6 26. Rxa6 gxf5 27. exf5 Rc2 28. Qxc2 Qxa6 29. Kg1 Qa7+ 30.
Kh1 f6 (30... Qa6 $11) 31. Qd2 Ke7 32. Qh6 (32. Qxb4 Qd7 {with roughly equal
chances}) 32... Kf7 33. Qh5+ Kg7 34. Qg4+ {=}) 25... hxg6 26. Bc4 $4 (26. Bxa6
Nxa6 27. Rxa6 Rh4 28. Rxd6 Qxe4 29. Qa6 (29. Qxe4 Rxe4 30. Rxg6 $4 Rf4 $19)
29... Qc4 30. Rxg6 Qxa6 31. Rxa6 Rf4 {and Black has the advantage, either
grabbing the 2nd rank or winning the b2-pawn:} 32. Kg1 (32. Re1 Rf2) 32...
Rxf1+ 33. Kxf1 Rc1+ 34. Kf2 Rc2+) 26... Qxe4 (26... Nxe4 $1 {won on the spot:}
27. Qd3 (27. Rxf7+ Qxf7 28. Bxf7 Ng3+) 27... Kg7 (27... Rxc4 28. Qxc4 Ng3+ 29.
Kg1 Nxf1) 28. Rf3 (28. Bd5 Rxh2+ 29. Kxh2 Rh8+) (28. Rxa6 Rxc4 29. Qxc4 Nd2)
28... Rxc4 29. Qxc4 Nd2 $19) 27. Rxf7+ Ke8 28. Qf1 (28. Rg7 {was relatively
better, but} Qxe2 29. Bxe2 d5 30. Rxg6 Ke7 {would kept Black's advantage.})
28... Qh4 29. h3 Ne4 {Now Black is winning.} 30. Rf3 {Other options:} (30. Qf3
Rxc4 31. Ra7 Rh7 (31... Qf6 32. Qxf6 Nxf6 33. Ra8+ Ke7 34. Rxh8) 32. Ra8+ Kd7
33. Qf8 Nf2+ 34. Kh2 Qf4+ 35. Qxf4 exf4) (30. Qd3 Rxc4 31. Qd5 Qg4 $1 (31...
Ng5 32. Ra7 Qe4 33. Qxe4 Nxe4 34. Ra8+ Kd7 35. Rxh8) 32. Rh7 Nf2+ 33. Kh2 Qf4+
{and Black wins in both cases.}) 30... Rxc4 31. Rxa6 Nd2 32. Ra8+ Kd7 33. Rxh8
Nxf1 {making the transition into a winning endgame.} (33... Qxh8 {would win
faster:} 34. Rf7+ Ke6 35. Qf2 Rc1+ 36. Kh2 Nf1+ 37. Kg1 Ne3+ 38. Kh2 Ng4+) 34.
Rxh4 Rxh4 35. Rxf1 Ke6 36. Rf3 Rc4 37. Rg3 Kf5 38. Rf3+ Ke4 39. Rf6 d5 40. Rxg6
d4 41. Kg1 d3 42. Kf2 Rc2+ 43. Ke1 Rxb2 44. h4 b3 0-1

[Event "SWE-ch"]
[Site "Linkoping"]
[Date "2001.07.13"]
[Round "12"]
[White "Berg, Emanuel"]
[Black "Couso, Luis"]
[Result "1-0"]
[WhiteElo "2496"]
[BlackElo "2324"]
[Annotator "Ziegler,A"]
[PlyCount "63"]
[EventDate "2001.06.30"]
[EventType "tourn"]
[EventRounds "13"]
[EventCountry "SWE"]
[EventCategory "8"]
[SourceTitle "CBM 085"]
[Source "ChessBase"]
[SourceDate "2001.11.13"]
[SourceVersion "1"]
[SourceVersionDate "2001.11.13"]
[SourceQuality "1"]

1. e4 c5 2. Nf3 e6 3. d4 cxd4 4. Nxd4 a6 5. Bd3 Bc5 6. Nb3 Be7 ({De flesta
backar till a7.} 6... Ba7) 7. Qg4 g6 8. Qe2 d6 9. O-O Nd7 ({På} 9... Nf6 {
kan vit störa med:} 10. Bh6) 10. c4 (10. Nc3 Qc7 11. Bd2 {som i Wahls-Smirin,
Dresden 1998 är en logisk fortsättning.}) 10... Ngf6 ({Svart skulle kanske
avvaktat med:} 10... b6) 11. Bh6 {'!' '[#] Emanuel ger aldrig sina spelar lugn
och ro. En mycket bra egenskap.'} Qc7 12. Nc3 Ne5 13. f4 Nxd3 14. Qxd3 Bd7 15.
Qd4 {'!' 'Ett påpassligt drag. Vit hotar Lg7 vilket tvingar svart att på något
sätt förstöra sin ställning.'} Rg8 16. Bg5 Nh5 17. Bxe7 Kxe7 {'[#] Så här
långt har Emanuel spelat lysande. Först kom Dg4 för att försvaga kungsflygeln.
Därefter kom Lh6 för att förhindra rockaden, och strax därpå Dd4! Små medel
som sammantaget har gett en stor fördel.'} 18. f5 {'Vit vill uppnå
linjeöppning mot kungen. Det kunde i viss mån uppnås med:'} (18. e5 dxe5 {
Vad annars?} 19. fxe5) 18... g5 19. Rad1 (19. c5 $5 dxc5 20. Nxc5 Rac8 21. fxe6
Qxc5 22. Rxf7+ Kxe6 23. Rxd7 Qxd4+ 24. Rxd4 {Ger vit en merbonde.}) 19... Rac8
20. f6+ Ke8 {Emanuel låter svart klara av första vågen, men svart har stora
långsiktiga problem. Hur skall han få kommunikation mellan flyglarna?} 21. e5 {
Emanuel hade fått en idé på hjärnan, men nu fanns det förhållandevis enkla:} (
21. Qxd6 Qxd6 22. Rxd6 Rxc4 23. g4 Nf4 24. Rfd1 Rc7 25. Nc5 Rxc5 26. Rxd7 Rc8
27. Re7+ Kf8 28. Rdd7 {Vit vinner flera gånger om.}) 21... dxe5 22. Qg4 $2 (22.
Qd3 $1 {Var fortfarande tillräckligt bra för att vinna.}) 22... Nf4 23. Rxf4
exf4 24. Ne4 {[#]} Rg6 $2 ({Det är inte lätt at mötta en så grym
angreppsspelare som Berg. Man blir osäker och börjar tvivla. Men hur som helst
kunde svart vända partiet här med:} 24... Rd8 25. Nd6+ Kf8 26. Qh5 Rg6 27. Qxh7
Rxf6 {Svart vinner.}) 25. Qh3 {Nu kommer Emanuel starkt i andra vågen.} h6 26.
Nbc5 Bc6 27. Nd6+ Kf8 28. Nxc8 Qxc8 29. Qa3 Kg8 30. Qa5 Be8 31. Rd8 Qc6 32. Nd7
1-0